000
00260nam a2200133Ia 4500
100
_a
Vasishtha/A.R.
942
_c
BK
654
_a
Matrices
245
_a
Matrices
260
_b
Krishna prakashan
_a
Meerut
300
_a
376
546
_a
ENGLISH
999
_c
21174
_d
21174